[Event "Oberliga Ost B 2016 2017"]
[Site "Germany"]
[Date "2016.11.19"]
[Round "2.4"]
[White "Weishaeutel, Moritz"]
[Black "Henrich, Thomas"]
[Result "0-1"]
[WhiteElo "1879"]
[BlackElo "2212"]
[PlyCount "82"]
[EventDate "2016.10.16"]
[EventType "team-tourn"]
[EventCountry "GER"]
[WhiteTeam "Erfurt SV Empor"]
[BlackTeam "Marburg SK"]
[WhiteTeamCountry "GER"]
[BlackTeamCountry "GER"]

1. e4 c5 2. Nf3 d6 3. d4 cxd4 4. Nxd4 Nf6 5. Nc3 a6 6. Bc4 b5 7. Bb3 e6 8. O-O
b4 9. Na4 Bd7 10. Re1 Nc6 11. Nxc6 Bxc6 12. Qd4 Rb8 13. c3 Qa5 14. e5 Nd7 15.
cxb4 Rxb4 16. Qc3 Rxa4 17. Bxa4 Qxc3 18. bxc3 Bxa4 19. exd6 Bxd6 20. Re4 Bc6
21. Rd4 Ke7 22. Be3 Be5 23. Rdd1 Rc8 24. Bd4 Bd6 25. Re1 Bd5 26. Rad1 f6 27.
Rd2 Ne5 28. Rb1 Nc4 29. Re2 Kf7 30. h3 h5 31. Kf1 Be4 32. Rd1 Bc6 33. Kg1 e5
34. Be3 Bb5 35. Rd5 Ke6 36. Rd1 Ba3 37. Bc1 Bc5 38. Kh2 g5 39. h4 Nd6 40. Red2
Ne4 41. Rb2 Nxf2 0-1

[Event "Oberliga Ost B 2016 2017"]
[Site "Germany"]
[Date "2016.11.19"]
[Round "2.5"]
[White "Rolle, Eric"]
[Black "Buckan, Jens"]
[Result "1-0"]
[WhiteElo "2195"]
[BlackElo "2087"]
[PlyCount "58"]
[EventDate "2016.10.16"]
[EventType "team-tourn"]
[EventCountry "GER"]
[WhiteTeam "Marburg SK"]
[BlackTeam "Erfurt SV Empor"]
[WhiteTeamCountry "GER"]
[BlackTeamCountry "GER"]

1. Nf3 c5 2. c4 g6 3. g3 Bg7 4. Bg2 Nc6 5. Nc3 Nf6 6. d4 cxd4 7. Nxd4 O-O 8.
O-O Ng4 9. e3 Nge5 10. b3 d6 11. Nxc6 bxc6 12. Bb2 Bg4 13. f3 Bd7 14. Na4 Rb8
15. f4 Ng4 16. Bxg7 Kxg7 17. Qd4+ Kg8 18. Qxa7 Ra8 19. Qd4 c5 20. Qd3 Bxa4 21.
Bxa8 Qxa8 22. bxa4 Qxa4 23. h3 Nf6 24. e4 Rb8 25. e5 Ne8 26. Rf2 Rb4 27. Rc1
dxe5 28. fxe5 Kg7 29. Qd5 h5 1-0

[Event "Oberliga Ost B 2016 2017"]
[Site "Germany"]
[Date "2016.11.19"]
[Round "2.6"]
[White "Sieber, Stephan"]
[Black "Duncker, Joachim"]
[Result "0-1"]
[WhiteElo "2208"]
[BlackElo "2269"]
[PlyCount "68"]
[EventDate "2016.10.16"]
[EventType "team-tourn"]
[EventCountry "GER"]
[WhiteTeam "Erfurt SV Empor"]
[BlackTeam "Marburg SK"]
[WhiteTeamCountry "GER"]
[BlackTeamCountry "GER"]

1. e4 d5 2. exd5 Nf6 3. d4 Bg4 4. f3 Bf5 5. Bb5+ Nbd7 6. c4 a6 7. Ba4 b5 8.
cxb5 Nxd5 9. Nc3 Nb4 10. a3 Nd3+ 11. Kf1 Nxc1 12. Rxc1 e6 13. bxa6 Rxa6 14.
Nge2 Be7 15. Bb5 Ra5 16. d5 e5 17. Ng3 Bg6 18. Nge4 O-O 19. a4 Nb6 20. Qb3 Kh8
21. Ke2 f5 22. Ng3 e4 23. fxe4 fxe4 24. Rhf1 Ra8 25. Rxf8+ Bxf8 26. Bc6 Rb8 27.
Ncxe4 Nd7 28. Qf3 Ne5 29. Qc3 Nxc6 30. Qxc6 Qh4 31. Qxc7 Re8 32. Rf1 Bxe4 33.
Qe5 Qg4+ 34. Kd2 Bb4+ 0-1

[Event "Oberliga Ost B 2016 2017"]
[Site "Germany"]
[Date "2016.11.19"]
[Round "2.8"]
[White "Nicolai, Tim"]
[Black "Foermes, Alexander"]
[Result "1-0"]
[WhiteElo "1851"]
[BlackElo "2079"]
[PlyCount "71"]
[EventDate "2016.10.16"]
[EventType "team-tourn"]
[EventCountry "GER"]
[WhiteTeam "Erfurt SV Empor"]
[BlackTeam "Marburg SK"]
[WhiteTeamCountry "GER"]
[BlackTeamCountry "GER"]

1. e4 e6 2. d4 d5 3. Nc3 Nf6 4. e5 Nfd7 5. f4 c5 6. Nf3 Nc6 7. Be3 a6 8. Qd2 b5
9. Qf2 Qa5 10. g4 b4 11. Ne2 b3+ 12. c3 Qxa2 13. Rd1 Qxb2 14. Bg2 a5 15. O-O
Ba6 16. Rd2 Qa3 17. f5 Be7 18. Ng5 Bxg5 19. fxe6 Bxe3 20. exd7+ Kxd7 21. Qxe3
cxd4 22. cxd4 Bxe2 23. Rxe2 Nd8 24. Bxd5 Rb8 25. e6+ fxe6 26. Bxe6+ Kc7 27.
Rc1+ Kb7 28. Bd5+ Ka7 29. Rc7+ Nb7 30. Bxb3 Rhe8 31. Rxb7+ Kxb7 32. Bd5+ Kc8
33. Qxa3 Rxe2 34. Qxa5 Kd7 35. Qa7+ Kc8 36. Qa6+ 1-0

[Event "Oberliga Ost B 2016 2017"]
[Site "Germany"]
[Date "2016.11.19"]
[Round "2.1"]
[White "Dubiel, Jacek"]
[Black "Wehner, Janis"]
[Result "1/2-1/2"]
[WhiteElo "2423"]
[BlackElo "2210"]
[PlyCount "41"]
[EventDate "2016.10.16"]
[EventType "team-tourn"]
[EventCountry "GER"]
[WhiteTeam "Oberursel SV"]
[BlackTeam "Erfurt SV Medizin"]
[WhiteTeamCountry "GER"]
[BlackTeamCountry "GER"]

1. e4 c5 2. Nf3 Nc6 3. d4 cxd4 4. Nxd4 Nf6 5. Nc3 e5 6. Ndb5 d6 7. Bg5 a6 8.
Na3 b5 9. Nd5 Be7 10. Bxf6 Bxf6 11. c4 b4 12. Nc2 Bg5 13. h4 Bh6 14. Ndxb4 Nxb4
15. Nxb4 Qb6 16. a3 O-O 17. Qc2 Rb8 18. Qb1 Bb7 19. Bd3 f5 20. Nd5 Bxd5 21.
cxd5 1/2-1/2

[Event "Oberliga Ost B 2016 2017"]
[Site "Germany"]
[Date "2016.11.19"]
[Round "2.2"]
[White "Hausknecht, Matthias"]
[Black "Margolin, Boris"]
[Result "0-1"]
[WhiteElo "2186"]
[BlackElo "2391"]
[PlyCount "112"]
[EventDate "2016.10.16"]
[EventType "team-tourn"]
[EventCountry "GER"]
[WhiteTeam "Erfurt SV Medizin"]
[BlackTeam "Oberursel SV"]
[WhiteTeamCountry "GER"]
[BlackTeamCountry "GER"]

1. e4 e6 2. d4 d5 3. exd5 exd5 4. Bd3 c5 5. dxc5 Bxc5 6. Nf3 Nf6 7. O-O O-O 8.
Bg5 h6 9. Bh4 g5 10. Bg3 Ne4 11. c4 Nxg3 12. hxg3 dxc4 13. Bxc4 Qxd1 14. Rxd1
Nc6 15. Nc3 Bg4 16. Rd2 Rad8 17. Rad1 Rxd2 18. Rxd2 Bb4 19. a3 Bxc3 20. bxc3
Bxf3 21. gxf3 Rd8 22. Rb2 b6 23. Bb5 Ne5 24. Be2 Rd5 25. Kg2 Rc5 26. Rb5 Nd7
27. c4 Kg7 28. f4 gxf4 29. gxf4 Rc6 30. Rd5 Nc5 31. Re5 Ne6 32. Kg3 Rc7 33. Rd5
Nc5 34. Kf3 Re7 35. Re5 Kf6 36. Rh5 Kg6 37. Rd5 Kg7 38. Re5 Kf8 39. Rh5 Re6 40.
Re5 Ke7 41. Bf1 Nb3 42. Rd5 Re1 43. Bh3 Nc5 44. Rh5 Rc1 45. Rxh6 Rxc4 46. f5
Nd7 47. Bf1 Rc3+ 48. Kf4 Rxa3 49. Kg5 Ra1 50. Bb5 Nf6 51. Rh8 Rg1+ 52. Kf4 Rg4+
53. Kf3 Rb4 54. Bc6 a5 55. Ra8 Kd6 56. Bb7 Nd7 0-1

[Event "Oberliga Ost B 2016 2017"]
[Site "Germany"]
[Date "2016.11.19"]
[Round "2.3"]
[White "Michaelsen, Nils"]
[Black "Nguyen, Huy Dat"]
[Result "1-0"]
[WhiteElo "2396"]
[BlackElo "2174"]
[PlyCount "77"]
[EventDate "2016.10.16"]
[EventType "team-tourn"]
[EventCountry "GER"]
[WhiteTeam "Oberursel SV"]
[BlackTeam "Erfurt SV Medizin"]
[WhiteTeamCountry "GER"]
[BlackTeamCountry "GER"]

1. d4 Nf6 2. c4 e6 3. Nc3 Bb4 4. Qc2 d6 5. Nf3 O-O 6. Bd2 c5 7. dxc5 dxc5 8. e3
Nc6 9. a3 Ba5 10. Be2 Bc7 11. O-O-O Qe7 12. h4 b6 13. Ng5 Bb7 14. Nb5 Rfd8 15.
Nxc7 Qxc7 16. Bc3 e5 17. f4 h6 18. fxe5 Nxe5 19. Qf5 Re8 20. Bf3 Bxf3 21. gxf3
hxg5 22. hxg5 Nfd7 23. f4 Rad8 24. Qh7+ Kf8 25. fxe5 Re6 26. Rhf1 Nxe5 27.
Rxd8+ Qxd8 28. Bxe5 Qxg5 29. Bf4 Qg4 30. Qh8+ Ke7 31. Rd1 Kf6 32. Rd5 Qg1+ 33.
Kc2 Qf2+ 34. Kb3 Rxe3+ 35. Bxe3 Qxe3+ 36. Ka2 Qf4 37. Qd8+ Ke6 38. Qe8+ Kf6 39.
Qc6+ 1-0

[Event "Oberliga Ost B 2016 2017"]
[Site "Germany"]
[Date "2016.11.19"]
[Round "2.4"]
[White "Kirschbaum, Gunnar"]
[Black "Schlamp, Robert"]
[Result "1/2-1/2"]
[WhiteElo "2141"]
[BlackElo "2263"]
[PlyCount "71"]
[EventDate "2016.10.16"]
[EventType "team-tourn"]
[EventCountry "GER"]
[WhiteTeam "Erfurt SV Medizin"]
[BlackTeam "Oberursel SV"]
[WhiteTeamCountry "GER"]
[BlackTeamCountry "GER"]

1. d4 Nf6 2. c4 e6 3. Nc3 d5 4. Bg5 Be7 5. Nf3 O-O 6. cxd5 exd5 7. Qc2 Bg4 8.
e3 h6 9. Bh4 Nbd7 10. Be2 Rc8 11. O-O c5 12. dxc5 Nxc5 13. Nd4 Be6 14. Nxe6
fxe6 15. Qg6 Qe8 16. Qxe8 Rfxe8 17. Rac1 a6 18. Rc2 Nce4 19. Rfc1 Nxc3 20. Rxc3
Rxc3 21. Rxc3 Ne4 22. Bh5 Nxc3 23. Bxe8 Bxh4 24. bxc3 b6 25. Bd7 Kf7 26. Bc8 a5
27. Ba6 Bf6 28. c4 d4 29. exd4 Bxd4 30. a4 Ke7 31. Kf1 Kd6 32. g4 Kc5 33. Kg2
Kb4 34. Bb5 Bc5 35. f3 Kc3 36. h3 1/2-1/2

[Event "Oberliga Ost B 2016 2017"]
[Site "Germany"]
[Date "2016.11.19"]
[Round "2.5"]
[White "Koller, Jens"]
[Black "Reichel, Norbert"]
[Result "1/2-1/2"]
[WhiteElo "2203"]
[BlackElo "2131"]
[PlyCount "32"]
[EventDate "2016.10.16"]
[EventType "team-tourn"]
[EventCountry "GER"]
[WhiteTeam "Oberursel SV"]
[BlackTeam "Erfurt SV Medizin"]
[WhiteTeamCountry "GER"]
[BlackTeamCountry "GER"]

1. e4 c5 2. Nf3 Nc6 3. d4 cxd4 4. Nxd4 g6 5. c4 Bg7 6. Nc2 Nf6 7. Nc3 d6 8. Be2
O-O 9. O-O a5 10. Bd2 Nd7 11. Rb1 Nc5 12. b3 f5 13. f3 Bd7 14. a3 fxe4 15. Nxe4
Bf5 16. Ng3 Bxc2 1/2-1/2

[Event "Oberliga Ost B 2016 2017"]
[Site "Germany"]
[Date "2016.11.19"]
[Round "2.6"]
[White "Mueller Ludwig, Kristin"]
[Black "Haakert, Juergen"]
[Result "1/2-1/2"]
[WhiteElo "2078"]
[BlackElo "2341"]
[PlyCount "44"]
[EventDate "2016.10.16"]
[EventType "team-tourn"]
[EventCountry "GER"]
[WhiteTeam "Erfurt SV Medizin"]
[BlackTeam "Oberursel SV"]
[WhiteTeamCountry "GER"]
[BlackTeamCountry "GER"]

1. e4 Nf6 2. e5 Nd5 3. d4 d6 4. c4 Nb6 5. exd6 exd6 6. Nf3 Be7 7. Be2 O-O 8.
O-O Nc6 9. Nc3 Bg4 10. b3 Bf6 11. Be3 d5 12. c5 Nc8 13. h3 Bf5 14. Qd2 Qd7 15.
Nh2 N8e7 16. Ng4 Bxg4 17. Bxg4 Nf5 18. Ne2 Nce7 19. Bg5 Qc6 20. Bxf6 Qxf6 21.
Qf4 c6 22. Rad1 g6 1/2-1/2

[Event "Oberliga Ost B 2016 2017"]
[Site "Germany"]
[Date "2016.11.19"]
[Round "2.7"]
[White "Stork, Oliver"]
[Black "Jakob, Matthias"]
[Result "0-1"]
[WhiteElo "1952"]
[BlackElo "2068"]
[PlyCount "80"]
[EventDate "2016.10.16"]
[EventType "team-tourn"]
[EventCountry "GER"]
[WhiteTeam "Oberursel SV"]
[BlackTeam "Erfurt SV Medizin"]
[WhiteTeamCountry "GER"]
[BlackTeamCountry "GER"]

1. c4 Nc6 2. g3 e5 3. Bg2 f5 4. Nc3 Nf6 5. d3 Bc5 6. e3 O-O 7. Nge2 d6 8. O-O
a6 9. a3 Ne7 10. b4 Ba7 11. Bb2 Ng6 12. d4 Qe7 13. dxe5 Nxe5 14. Nf4 c6 15. Rc1
g5 16. Nh5 Nxh5 17. Qxh5 Be6 18. c5 dxc5 19. bxc5 Nd3 20. Rc2 Nxb2 21. Rxb2
Bxc5 22. Rfb1 b5 23. Bxc6 Rad8 24. a4 b4 25. Ne2 Rd6 26. Bh1 Rfd8 27. h4 gxh4
28. Qxh4 Qxh4 29. gxh4 Rd1+ 30. Kh2 Rxb1 31. Rxb1 Rd2 32. Nf4 Bf7 33. Kg3 b3
34. Bd5 Rxd5 35. Rxb3 Rd8 36. Rb7 Rc8 37. Rd7 Rc6 38. Kf3 Bd6 39. Ra7 Bb3 40.
Nh5 Bd1+ 0-1

[Event "Oberliga Ost B 2016 2017"]
[Site "Germany"]
[Date "2016.11.19"]
[Round "2.8"]
[White "Nguyen, Ha Thanh"]
[Black "Falk, Thomas"]
[Result "1/2-1/2"]
[WhiteElo "1704"]
[BlackElo "2053"]
[PlyCount "49"]
[EventDate "2016.10.16"]
[EventType "team-tourn"]
[EventCountry "GER"]
[WhiteTeam "Erfurt SV Medizin"]
[BlackTeam "Oberursel SV"]
[WhiteTeamCountry "GER"]
[BlackTeamCountry "GER"]

1. e4 e5 2. Nf3 Nc6 3. Bc4 Bc5 4. c3 Bb6 5. O-O d6 6. d3 Nf6 7. Nbd2 O-O 8. Bb3
Ne7 9. h3 c6 10. Re1 Ng6 11. Nf1 h6 12. Ng3 Qc7 13. Nh2 d5 14. Ng4 Nxg4 15.
hxg4 Be6 16. Nf5 dxe4 17. dxe4 Bxb3 18. axb3 Ne7 19. g3 Nxf5 20. gxf5 Rad8 21.
Qg4 Rd6 22. Kg2 Rfd8 23. Rh1 Kf8 24. Qh5 Qd7 25. Qg4 1/2-1/2

[Event "Oberliga Ost B 2016 2017"]
[Site "Germany"]
[Date "2016.11.19"]
[Round "2.1"]
[White "Chojnacki, Krzysztof"]
[Black "De Visser, Leon"]
[Result "1-0"]
[WhiteElo "2385"]
[BlackElo "2258"]
[PlyCount "73"]
[EventDate "2016.10.16"]
[EventType "team-tourn"]
[EventCountry "GER"]
[WhiteTeam "Wiesbadener SV"]
[BlackTeam "Frankfurt SC Brett vorm Kopp"]
[WhiteTeamCountry "GER"]
[BlackTeamCountry "GER"]

1. d4 d5 2. c4 c6 3. Nf3 Nf6 4. Nc3 dxc4 5. a4 Bf5 6. Ne5 Nbd7 7. Nxc4 Nb6 8.
Ne5 a5 9. g3 e6 10. Bg2 Bb4 11. O-O O-O 12. e3 Nfd7 13. Nd3 Bxd3 14. Qxd3 e5
15. Rd1 Qe7 16. e4 exd4 17. Qxd4 Rad8 18. Bf4 Bc5 19. Qd3 Ne5 20. Qe2 Qe6 21.
h3 f6 22. Kh2 Qc4 23. Qc2 Bd4 24. Rd2 g5 25. Bxe5 fxe5 26. Qd1 Rd7 27. Ne2 Rxf2
28. Nxd4 Rxd4 29. Rxf2 Rxd1 30. Rxd1 Qe6 31. Bf3 Qe7 32. Bh5 Qc5 33. Rdd2 Qe3
34. Rd8+ Kg7 35. Rf7+ Kh6 36. Rd6+ Kxh5 37. Rxh7# 1-0

[Event "Oberliga Ost B 2016 2017"]
[Site "Germany"]
[Date "2016.11.19"]
[Round "2.2"]
[White "Holvason, Juri"]
[Black "Geske, Julian"]
[Result "1/2-1/2"]
[WhiteElo "2231"]
[BlackElo "2399"]
[PlyCount "84"]
[EventDate "2016.10.16"]
[EventType "team-tourn"]
[EventCountry "GER"]
[WhiteTeam "Frankfurt SC Brett vorm Kopp"]
[BlackTeam "Wiesbadener SV"]
[WhiteTeamCountry "GER"]
[BlackTeamCountry "GER"]

1. Nf3 Nf6 2. g3 g6 3. Bg2 Bg7 4. O-O O-O 5. d3 d5 6. c3 b6 7. Qc2 Bb7 8. Re1
Nbd7 9. Nbd2 e5 10. e4 Re8 11. exd5 Bxd5 12. b3 Bb7 13. Ne4 Nxe4 14. dxe4 Nc5
15. Bg5 Qd3 16. Qxd3 Nxd3 17. Re2 f6 18. Bd2 Red8 19. Ne1 Ba6 20. c4 Nxe1 21.
Raxe1 Bf8 22. Be3 Rd3 23. Rc2 Bb4 24. Rb1 Rad8 25. Bf1 Rd1 26. Rcc1 Rxc1 27.
Rxc1 Bc5 28. Bxc5 bxc5 29. Rc2 Rd1 30. f3 Kf7 31. Kf2 Ke7 32. Be2 Ra1 33. Rd2
Bb7 34. Bd1 Bc6 35. Ke3 Rc1 36. Rd3 Bb7 37. Rd2 Rc3+ 38. Rd3 Rxd3+ 39. Kxd3 Bc6
40. Be2 Kd6 41. Ke3 Bd7 42. Kd3 Be6 1/2-1/2

[Event "Oberliga Ost B 2016 2017"]
[Site "Germany"]
[Date "2016.11.19"]
[Round "2.3"]
[White "Dubkov, Andrej"]
[Black "Koch, Markus"]
[Result "1/2-1/2"]
[WhiteElo "2283"]
[BlackElo "2168"]
[PlyCount "39"]
[EventDate "2016.10.16"]
[EventType "team-tourn"]
[EventCountry "GER"]
[WhiteTeam "Wiesbadener SV"]
[BlackTeam "Frankfurt SC Brett vorm Kopp"]
[WhiteTeamCountry "GER"]
[BlackTeamCountry "GER"]

1. e4 c5 2. Nf3 d6 3. Bb5+ Bd7 4. Bxd7+ Qxd7 5. O-O Nf6 6. Qe2 Nc6 7. Rd1 e6 8.
d4 cxd4 9. Nxd4 a6 10. c4 Be7 11. Nc3 O-O 12. b3 Rac8 13. Bb2 Rfe8 14. Rac1
Nxd4 15. Rxd4 Qc6 16. Rcd1 h6 17. a4 Qb6 18. R1d3 Nd7 19. Rg3 Bf6 20. Rd1
1/2-1/2

[Event "Oberliga Ost B 2016 2017"]
[Site "Germany"]
[Date "2016.11.19"]
[Round "2.4"]
[White "Wege, Jochen"]
[Black "Nehmert, Ulrich"]
[Result "0-1"]
[WhiteElo "2295"]
[BlackElo "2324"]
[PlyCount "126"]
[EventDate "2016.10.16"]
[EventType "team-tourn"]
[EventCountry "GER"]
[WhiteTeam "Frankfurt SC Brett vorm Kopp"]
[BlackTeam "Wiesbadener SV"]
[WhiteTeamCountry "GER"]
[BlackTeamCountry "GER"]

1. Nf3 Nf6 2. c4 g6 3. b4 Bg7 4. Bb2 O-O 5. e3 d5 6. cxd5 Nxd5 7. Bxg7 Kxg7 8.
a3 a5 9. b5 c6 10. Qb3 a4 11. Qb2+ Kg8 12. Nc3 Nxc3 13. Qxc3 Qa5 14. Qxa5 Rxa5
15. Rb1 Bf5 16. Rb2 c5 17. Be2 Nd7 18. O-O e5 19. d3 Rd8 20. Rc1 Raa8 21. Nd2
f6 22. Rc3 Kf8 23. Bf3 Rab8 24. b6 Be6 25. Kf1 Ke7 26. Ke2 g5 27. g3 f5 28. Rc1
Kd6 29. Rb5 h5 30. Rcb1 h4 31. Ra5 g4 32. Bg2 Ba2 33. Rb2 Bd5 34. Bxd5 Kxd5 35.
Rxa4 hxg3 36. hxg3 Ra8 37. Rxa8 Rxa8 38. Nc4 e4 39. Rb3 Ra6 40. Nd2 Rxb6 41.
dxe4+ fxe4 42. Rc3 Rb2 43. a4 Ne5 44. Rb3 Nc4 45. Rxb2 Nxb2 46. a5 Nc4 47. Nf1
Kc6 48. Nh2 Ne5 49. Nf1 Nf3 50. Nd2 Nxd2 51. Kxd2 Kb5 52. Kc3 Kxa5 53. Kc4 b5+
54. Kxc5 b4 55. Kd4 Ka4 56. Kxe4 b3 57. Kf5 b2 58. Kxg4 b1=Q 59. f3 Qg6+ 60.
Kf4 Kb5 61. e4 Kc5 62. g4 Kd4 63. g5 Qh5 0-1

[Event "Oberliga Ost B 2016 2017"]
[Site "Germany"]
[Date "2016.11.19"]
[Round "2.5"]
[White "Gottschalk, Jens"]
[Black "Kues, Jarl Hendrik"]
[Result "1-0"]
[WhiteElo "2282"]
[BlackElo "2136"]
[PlyCount "57"]
[EventDate "2016.10.16"]
[EventType "team-tourn"]
[EventCountry "GER"]
[WhiteTeam "Wiesbadener SV"]
[BlackTeam "Frankfurt SC Brett vorm Kopp"]
[WhiteTeamCountry "GER"]
[BlackTeamCountry "GER"]

1. d4 Nf6 2. c4 c5 3. d5 b5 4. cxb5 a6 5. Nc3 axb5 6. e4 b4 7. Nb5 d6 8. Bf4
Nbd7 9. Nf3 Nh5 10. Bg5 f6 11. Be3 g6 12. Bd3 Ne5 13. Be2 Qb6 14. Nd2 Bd7 15.
a4 bxa3 16. Rxa3 Rxa3 17. bxa3 Qa5 18. a4 c4 19. O-O Bxb5 20. axb5 Qxb5 21.
Bxh5 gxh5 22. Qxh5+ Kd8 23. Rb1 Qa4 24. Bb6+ Kc8 25. Qh3+ Nd7 26. Rc1 Kb7 27.
Bd4 Ne5 28. Bxe5 fxe5 29. Rxc4 1-0

[Event "Oberliga Ost B 2016 2017"]
[Site "Germany"]
[Date "2016.11.19"]
[Round "2.6"]
[White "Rueger, Erhard"]
[Black "Minor, Samuel"]
[Result "0-1"]
[WhiteElo "2126"]
[BlackElo "2189"]
[PlyCount "66"]
[EventDate "2016.10.16"]
[EventType "team-tourn"]
[EventCountry "GER"]
[WhiteTeam "Frankfurt SC Brett vorm Kopp"]
[BlackTeam "Wiesbadener SV"]
[WhiteTeamCountry "GER"]
[BlackTeamCountry "GER"]

1. Nf3 d6 2. c4 f5 3. d4 Nf6 4. g3 g6 5. Bg2 Bg7 6. O-O O-O 7. Nc3 c6 8. b3 Na6
9. Bb2 Nc7 10. Qd2 b5 11. cxb5 cxb5 12. b4 a5 13. a3 Bb7 14. Qd3 Qd7 15. Rfc1
e6 16. a4 Be4 17. Qd1 axb4 18. Nxe4 fxe4 19. Ng5 bxa4 20. Rxc7 Qxc7 21. Nxe6
Qc4 22. Nxf8 a3 23. Ne6 Qxe6 24. d5 Qxd5 25. Bxf6 Qxd1+ 26. Rxd1 Bxf6 27. Bxe4
Ra5 28. Rd5 Ra6 29. Rd2 Bb2 30. Bd5+ Kg7 31. Ba2 Rc6 32. Kg2 Rc3 33. Rd3 b3 0-1

[Event "Oberliga Ost B 2016 2017"]
[Site "Germany"]
[Date "2016.11.19"]
[Round "2.7"]
[White "Kayser, Felix"]
[Black "Syed, Tareq"]
[Result "1/2-1/2"]
[WhiteElo "2171"]
[BlackElo "2010"]
[PlyCount "30"]
[EventDate "2016.10.16"]
[EventType "team-tourn"]
[EventCountry "GER"]
[WhiteTeam "Wiesbadener SV"]
[BlackTeam "Frankfurt SC Brett vorm Kopp"]
[WhiteTeamCountry "GER"]
[BlackTeamCountry "GER"]

1. e4 d6 2. d4 Nf6 3. Nc3 e5 4. Nf3 Nbd7 5. Be2 Be7 6. O-O O-O 7. Re1 a6 8. a4
b6 9. Bf1 Bb7 10. h3 c6 11. b3 b5 12. Bb2 Qc7 13. Qe2 Rfe8 14. dxe5 dxe5 15.
Red1 Bc5 1/2-1/2

[Event "Oberliga Ost B 2016 2017"]
[Site "Germany"]
[Date "2016.11.19"]
[Round "2.1"]
[White "Rafiee, Makan"]
[Black "Zimmermann, Hendrik"]
[Result "1/2-1/2"]
[WhiteElo "2318"]
[BlackElo "2157"]
[PlyCount "46"]
[EventDate "2016.10.16"]
[EventType "team-tourn"]
[EventCountry "GER"]
[WhiteTeam "Kasseler SK"]
[BlackTeam "Frankfurt SC Koenig Nied"]
[WhiteTeamCountry "GER"]
[BlackTeamCountry "GER"]

1. e4 c5 2. Nf3 d6 3. d4 cxd4 4. Nxd4 Nf6 5. Nc3 a6 6. Bg5 e6 7. f4 Be7 8. Qf3
h6 9. Bh4 g5 10. fxg5 Nfd7 11. Nxe6 fxe6 12. Qh5+ Kf8 13. Bb5 Rh7 14. O-O+ Kg8
15. g6 Rg7 16. Rf7 Bxh4 17. Qxh6 Rxf7 18. gxf7+ Kxf7 19. Rf1+ Bf6 20. Qh7+ Ke8
21. Qg6+ Ke7 22. Qh7+ Ke8 23. Qg8+ Ke7 1/2-1/2

[Event "Oberliga Ost B 2016 2017"]
[Site "Germany"]
[Date "2016.11.19"]
[Round "2.2"]
[White "Uwira, Oliver"]
[Black "Grafl, Florian"]
[Result "1-0"]
[WhiteElo "2254"]
[BlackElo "2396"]
[PlyCount "65"]
[EventDate "2016.10.16"]
[EventType "team-tourn"]
[EventCountry "GER"]
[WhiteTeam "Frankfurt SC Koenig Nied"]
[BlackTeam "Kasseler SK"]
[WhiteTeamCountry "GER"]
[BlackTeamCountry "GER"]

1. d4 e6 2. e4 b6 3. Bd3 Bb7 4. Nf3 Nf6 5. Qe2 d5 6. e5 Nfd7 7. O-O c5 8. c3
Nc6 9. a3 c4 10. Bc2 a5 11. Ng5 g6 12. Qg4 Qc7 13. a4 Ba6 14. Na3 Nd8 15. Nb5
Qc6 16. Re1 Bxb5 17. axb5 Qxb5 18. Ba4 Qa6 19. Nxf7 Kxf7 20. Bxd7 Ke7 21. Ba4
b5 22. Bc2 Kd7 23. Bg5 Nf7 24. Bf6 Rg8 25. b3 Bh6 26. bxc4 bxc4 27. Ba4+ Kc7
28. Reb1 Rgb8 29. Qh4 Rb6 30. Bd8+ Rxd8 31. Qe7+ Kc8 32. Qc5+ Kb7 33. Bc6+ 1-0

[Event "Oberliga Ost B 2016 2017"]
[Site "Germany"]
[Date "2016.11.19"]
[Round "2.3"]
[White "Hahn, Markus"]
[Black "Staller, Peter"]
[Result "0-1"]
[WhiteElo "2333"]
[BlackElo "2264"]
[PlyCount "108"]
[EventDate "2016.10.16"]
[EventType "team-tourn"]
[EventCountry "GER"]
[WhiteTeam "Kasseler SK"]
[BlackTeam "Frankfurt SC Koenig Nied"]
[WhiteTeamCountry "GER"]
[BlackTeamCountry "GER"]

1. d4 d5 2. c4 c6 3. Nf3 Nf6 4. Qc2 g6 5. Bf4 Bg7 6. e3 O-O 7. Nc3 Qa5 8. Rc1
Nbd7 9. Qd2 e6 10. Be2 dxc4 11. Bxc4 Nd5 12. Nxd5 Qxd2+ 13. Kxd2 exd5 14. Be2
Nf6 15. Rhd1 Ne4+ 16. Ke1 Re8 17. h3 Bf8 18. Kf1 a5 19. Ne1 Bd6 20. Bxd6 Nxd6
21. Rd3 Nc4 22. b3 Nd6 23. Rdc3 Ne4 24. R3c2 Bd7 25. Nd3 f6 26. Nc5 Nxc5 27.
Rxc5 Kf8 28. Bd3 f5 29. g3 Ke7 30. Kg2 Kd6 31. Rh1 b6 32. Rcc1 Rac8 33. g4 Rf8
34. Kg3 c5 35. g5 f4+ 36. exf4 cxd4 37. h4 Rc3 38. Rhd1 Rfc8 39. Rxc3 dxc3 40.
Kf3 d4 41. h5 gxh5 42. f5 Rc5 43. Kf4 c2 44. Rc1 Bxf5 45. Bxf5 Rxf5+ 46. Kxf5
d3 47. Kf6 d2 48. Rxc2 d1=Q 49. Rc4 Qf3+ 50. Kg7 Qf5 51. f4 h4 52. Rd4+ Ke7 53.
Rc4 h3 54. Rc7+ Ke8 0-1

[Event "Oberliga Ost B 2016 2017"]
[Site "Germany"]
[Date "2016.11.19"]
[Round "2.4"]
[White "Chandler, Patrick"]
[Black "Kersten, Uwe"]
[Result "0-1"]
[WhiteElo "2154"]
[BlackElo "2253"]
[PlyCount "72"]
[EventDate "2016.10.16"]
[EventType "team-tourn"]
[EventCountry "GER"]
[WhiteTeam "Frankfurt SC Koenig Nied"]
[BlackTeam "Kasseler SK"]
[WhiteTeamCountry "GER"]
[BlackTeamCountry "GER"]

1. d4 e6 2. Nf3 c5 3. c3 Nf6 4. Bg5 b6 5. e3 Bb7 6. Nbd2 Be7 7. Bd3 cxd4 8.
cxd4 d6 9. O-O Nbd7 10. Qe2 O-O 11. Rfc1 Rc8 12. Nc4 Ne4 13. Bxe7 Qxe7 14. Ncd2
Nxd2 15. Nxd2 Nf6 16. a3 Rc7 17. Rxc7 Qxc7 18. Rd1 Rc8 19. Nb1 Be4 20. Nc3 Bxd3
21. Rxd3 Qc4 22. h3 Kf8 23. Rd2 Qxe2 24. Rxe2 d5 25. f3 Ne8 26. Kf2 Nd6 27. Ke1
Nc4 28. Nd1 Ke7 29. Rc2 Kd7 30. Ke2 f6 31. Kd3 h5 32. Nc3 Nd6 33. e4 dxe4+ 34.
fxe4 h4 35. Rf2 Ke7 36. b3 Rxc3+ 0-1

[Event "Oberliga Ost B 2016 2017"]
[Site "Germany"]
[Date "2016.11.19"]
[Round "2.5"]
[White "Kearns, Christopher"]
[Black "Prenzler, Daniel"]
[Result "1/2-1/2"]
[WhiteElo "2180"]
[BlackElo "2237"]
[PlyCount "36"]
[EventDate "2016.10.16"]
[EventType "team-tourn"]
[EventCountry "GER"]
[WhiteTeam "Kasseler SK"]
[BlackTeam "Frankfurt SC Koenig Nied"]
[WhiteTeamCountry "GER"]
[BlackTeamCountry "GER"]

1. e4 e6 2. d4 d5 3. e5 c5 4. c3 Nc6 5. Nf3 Nh6 6. Bd3 cxd4 7. cxd4 Nf5 8. Bxf5
exf5 9. Nc3 Be6 10. Ne2 Be7 11. h4 Qb6 12. Nf4 h6 13. Kf1 O-O-O 14. h5 Kb8 15.
Rh3 Rhe8 16. Kg1 Rc8 17. a3 Na5 18. Rg3 Nb3 1/2-1/2